Lexical phrases and language teaching

Uloženo v:
Podrobná bibliografie
Médium: Kniha
Vydáno: 1992
Tagy: Přidat tag
Žádné tagy, Buďte první, kdo otaguje tento záznam!
Thư viện lưu trữ: Mạng thư viện Đại học Đà Nẵng
LEADER 00449nam a22001811a 4500
001 000037595
003 13890
005 20160412020405.0
008 160412s1992 000
082 |a 4A(07)899 
245 |a Lexical phrases and language teaching  |c James R.Nattinger 
260 |c 1992 
OWN |a LNN 
999 |a From the UDN01 
TYP |a Monograph 
980 |a Mạng thư viện Đại học Đà Nẵng